000
00295nam a22001337a 4500
008
170209b xxu||||| |||| 00| 0 eng d
020
_a
0397542593
041
_a
eng
080
_a
61
100
_a
4
101
_a
SHM
245
_a
TERMINOLOGY FOR HEALTH PROFESSIONS
_c
WROBLE,M
942
_2
udc
_c
BK
999
_c
5005
_d
5005